00764nam a2200193 i 450000100060000000300090000600500170001500700030003200800410003510000260007624501600010226000320026230000370029470000380033170000260036985200320039599900170042795201260044478176ES-MaACL20230906173557.0t|041011s1960 sp ||||1| spa d1 aHansen, Palle.96176910aManual de Contabilidad / cPalle Hansen ; traducción del danés por Arne Koefoed ; revisión y notas a la edición española Armando Suárez Franck. aMadrid : bAguilar, c1960. aXXIV, 1142 p. : bil. ; c25 cm.1 aSuárez Franck, Armando.91086201 aKoefoed, Arne.968430 aES-MaACLjC-18382 bR.46115 c78176d78176 00104070aATENEOMbATENEOMcGaleríad2008-01-17eSCl0oC-18382p1081779r2023-02-23 00:00:00w2023-02-23yMONOGRAFIA